000
00281nam a2200109Ia 4500
008
200302s9999 xx 000 0 und d
100
_a
K. M. Girhe
245
_a
Architecture of Bhoslas of Nagpur Vol I
260
_b
Bharatiya Kala Prakahan Delhi
260
_c
2004
300
_a
152 P.,
999
_c
3869
_d
3869